000 00582nam a2200241Ia 4500
003 OSt
005 20230420122008.0
008 210423s2007 xx 000 0 und d
020 _a9780070700710
040 _cAL
041 _aeng
082 _a330
_223
_bSAMP
100 _aSAMUELSON (Paul A);NORDHAUS (William D)
_943412
245 _aEconomics
250 _a18
260 _aNew Delhi
_bTata McGrawhill
_c2007
300 _axxiv,776
_bPB
365 _b410
_cINR
650 _aEconomics
_943413
650 _aEconomics
_943413
906 _aEconomics
942 _2ddc
_cBK
999 _c155584
_d155584